Η μετανάστευση στον κινηματογράφο

Αποθηκεύτηκε σε:
Λεπτομέρειες βιβλιογραφικής εγγραφής
Άλλοι συγγραφείς: Τομαή-Κωνσταντοπούλου, Φωτεινή, 1953- (edtf)
Μορφή: Βιβλίο
Γλώσσα:Greek
Δημοσίευση: Αθήνα : Παπαζήσης, 2004
Σειρά:Η μαρτυρία της κινηματογραφικής εικόνας
Θέματα:
Ετικέτες: Προσθήκη ετικέτας
Δεν υπάρχουν, Καταχωρήστε ετικέτα πρώτοι!

MARC

LEADER 00000cam a2200000 i 4500
001 1/53200
008 140812s2004 gre d
020 |a 960-02-1793-9 
035 |l 10118639 
040 |a GR-MY-UA  |b gre  |e aacr 
041 0 |a gre 
082 0 |a 791.436  |2 (23) 
245 1 2 |a Η μετανάστευση στον κινηματογράφο /  |c επιμέλεια Φωτεινή Τομαή - Κωνσταντοπούλου 
260 |a Αθήνα :   |b Παπαζήσης,   |c 2004 
300 |a 295 σ.;  |c 24 εκ. 
490 1 |a Η μαρτυρία της κινηματογραφικής εικόνας 
500 |a Περιλαμβάνει βιβλιογραφικές αναφορές 
500 |a Ημερίδα "Η μεταναστευση στον κινηματογράφο", 2 Απριλίου 2003, Αμφιθέατρο "Γιάννος Κρανιδιώτης" 
500 |a Ως υπέρτιτλος: Υπουργείο Εξωτερικών, Υπηρεσία Διπλωματικού & Ιστορικού Αρχείου, Κινηματογραφικό Αρχείο. 
650 0 0 |a Emigration and immigration in motion pictures. 
650 0 0 |a Motion pictures  |z Greece. 
700 1 |a Τομαή-Κωνσταντοπούλου, Φωτεινή,   |d 1953-  |e edtf 
852 |a INST  |b LESVOS  |e 20140812  |h 791.436 ΜΕΤ  |p 005100054861  |q 005100054861  |t BK  |y 0 
901 |a BIBL1-2014-2 
909 |a Λ  |b 190022 
922 |a 1ΕΛΗ  |b 201406  |c ΒΙΒΛΙΟΘΗΚΗ  |d ΙΩΑΝΝΙΔΟΥ 
970 |a ΤΖΑΦΕΡΗ  |b ΕΥΑΓΓΕΛΙΑ  |z 2014/08/13